00889nam a2200145Ia 4500008004100000020001800041100009400059245020000153260002700353650001300380650019500393856004500588999001900633952009100652171212s9999 xx 000 0 und d a9780833078346 aKelly, Terrence K.;Masi, Ralph;Walker, Brittian A.;Knapp, Steven A.;Leuschner, Kristin J. cKelly, Terrence K.;Masi, Ralph;Walker, Brittian A.;Knapp, Steven A.;Leuschner, Kristin J.aAn Assessment of the Army's Tactical Human Optimization, Rapid Rehabilitation and Reconditioning Program bRAND Corporationc2013 aBusiness aUnited States. Army. Special Forces -- Physical training; United States. Army. Special Forces -- Rehabilitation; United States. Army -- Medical care; United States. Army -- Physical training uwww.jstor.org/stable/10.7249/j.ctt3fgzpw c351713d351713 001040aCLbCLd2017-12-12l0oUA34.S64K43 2013r2017-12-12 00:00:00w2017-12-12yCBE